Потерянный "Эльф": фантастический роман

التفاصيل البيبلوغرافية
المؤلف الرئيسي: Таругин О. В. Олег
مؤلفون آخرون: Политов Д. Дмитрий
الملخص:И что прикажете думать? С одной стороны, в то, что умер, — не верится. Руки-ноги двигаются, голова соображает и даже болит после контузии. Но с другой... Вокруг ходят всякие эльфы-гномы-чародеи и прочие зомби, и даже магические фокусы оказываются доступны, вроде того, чтобы соорудить джедайский меч из ничего, когда припрет. Может, это нынче ад такой? В лучших традициях дедушки Толкиена с небольшой добавкой в виде тактических ракетных установок, танков и орбитальных бомбардировщиков? Где в наказание за грехи капитану Астафьеву предстоит теперь не тупо жариться на сковородке, а принимать командование и идти в бой. Потому что он не мессия, не пришелец из лживых древних легенд, а простой русский офицер, на плечи которого легла жутко трудная, но вполне решаемая задача — спасти этот мир, чем бы он в конце концов ни оказался...
اللغة:الروسية
منشور في: Москва, Эксмо, 2009
سلاسل:Абсолютное оружие
الموضوعات:
التنسيق: MixedMaterials كتاب
KOHA link:https://koha.lib.tpu.ru/cgi-bin/koha/opac-detail.pl?biblionumber=172497

MARC

LEADER 00000nam0a2200000 4500
001 172497
005 20231031164307.0
010 |a 9785699362813 
035 |a (RuTPU)RU\TPU\book\187063 
090 |a 172497 
100 |a 20091214d2009 m y0rusy50 ca 
101 0 |a rus 
102 |a RU 
105 |a y z 000ay 
200 1 |a Потерянный "Эльф"  |e фантастический роман  |f О. В. Таругин, Д. Политов 
210 |a Москва  |c Эксмо  |d 2009 
215 |a 416 с. 
225 1 |a Абсолютное оружие 
330 |a И что прикажете думать? С одной стороны, в то, что умер, — не верится. Руки-ноги двигаются, голова соображает и даже болит после контузии. Но с другой... Вокруг ходят всякие эльфы-гномы-чародеи и прочие зомби, и даже магические фокусы оказываются доступны, вроде того, чтобы соорудить джедайский меч из ничего, когда припрет. Может, это нынче ад такой? В лучших традициях дедушки Толкиена с небольшой добавкой в виде тактических ракетных установок, танков и орбитальных бомбардировщиков? Где в наказание за грехи капитану Астафьеву предстоит теперь не тупо жариться на сковородке, а принимать командование и идти в бой. Потому что он не мессия, не пришелец из лживых древних легенд, а простой русский офицер, на плечи которого легла жутко трудная, но вполне решаемая задача — спасти этот мир, чем бы он в конце концов ни оказался... 
610 1 |a русская литература 
610 1 |a романы 
610 1 |a фантастика 
610 1 |a боевики 
675 |a Р2  |v 3 
700 1 |a Таругин  |b О. В.  |g Олег 
701 1 |a Политов  |b Д.  |g Дмитрий 
801 1 |a RU  |b 63413507  |c 20091214 
801 2 |a RU  |b 63413507  |c 20091216  |g RCR 
942 |c BK